00497 2200205 4500001002100000008004100021035002000062245004000082100002200122250000600144260003500150300001200185020002200197084001400219082000800233650001400241990001200255990001200267990001200279INLIS000000000001156 ind  a0010-0524000391 aK.H. Ahmad DahlancAbdul Wali Kusno aWali Kusno, Abdul a1 aJakarta :bC. Klik Mediac2020 a195 hlm a978-623-7333-17-3 a900 ABD a a900 aNon Fiksi a0744778 a0744779 a0744780